000 00653 a2200229 4500
003 CBULib
005 20241001085331.0
008 241001b |||||||| |||| 00| 0 eng d
020 _a9780764235917
040 _bEnglish
_cCBULib
_erda
041 _aeng
050 _aPS 3607. R3968L68
100 _93650
_aGray, Tammy L
245 _aLove and the silver lining
_c/ by Tammy L. Gray
260 _aMinnesota :
_b2021
_cBethany House Publishers,
300 _a380 page
336 _2rdacontent
_aText |
_btxt
337 _2rdamedia
_aUnmediated |
_bn
338 _2rdacarrier
_aVolume
_bnc
650 0 _93505
_aAMERICAN LITERATURE
942 _2lcc
_c002
999 _c85429
_d85429